| 000 | 00721nam a2200217 a 4500 | ||
|---|---|---|---|
| 008 | 951031s1972||||xo 0 slo c | ||
| 040 |
_aSNK _bslo _cSNK _eAACR2 |
||
| 041 | 1 | _aslo | |
| 044 |
_axo _cSK |
||
| 080 | _a582.28(084.42) | ||
| 100 | 1 |
_4aut _aPilát, Albert |
|
| 245 | 1 | 0 |
_aVreckový atlas húb _cPavol Škubla ; Graf. upr. František Jablonovský ; Ilustr. Pavol Škubla ; Aut. obál. František Jablonovský |
| 260 |
_aBratislava _c1972 _eBratislava _fSvornosť, spol. s r.o. _bSPN |
||
| 300 | _bReg. slov., čes. a lat. náz. húb | ||
| 700 | 1 |
_aJablonovský, František _4bkd |
|
| 700 | 1 |
_aŠkubla, Pavol _4ill |
|
| 700 | 1 |
_aJablonovský, František _4bjd |
|
| 020 | _c20 | ||
| 958 | _aAAT | ||
| 958 | _aAPR | ||
| 999 |
_c19702 _d19702 |
||